Games People Play: The Psychology of Human Relationships (Record no. 43574)

MARC details
000 -LEADER
fixed length control field 00460nam a22001697a 4500
005 - DATE AND TIME OF LATEST TRANSACTION
control field 20250404165032.0
008 - FIXED-LENGTH DATA ELEMENTS--GENERAL INFORMATION
fixed length control field 250404b |||||||| |||| 00| 0 eng d
020 ## - INTERNATIONAL STANDARD BOOK NUMBER
International Standard Book Number 9780241257470
041 ## - LANGUAGE CODE
Language code of text/sound track or separate title eng
082 ## - DEWEY DECIMAL CLASSIFICATION NUMBER
Classification number 158.2 BER
100 ## - MAIN ENTRY--PERSONAL NAME
Author Berne, Eric
245 ## - TITLE STATEMENT
Title Games People Play: The Psychology of Human Relationships
260 ## - PUBLICATION, DISTRIBUTION, ETC.
Place UK
Publisher Penguin
Publication Year 2016
300 ## - PHYSICAL DESCRIPTION
Extent 173;. pages 20 cm
650 ## - SUBJECT ADDED ENTRY--TOPICAL TERM
Subject Interpersonal Relations;Social Interaction
942 ## - ADDED ENTRY ELEMENTS (KOHA)
Koha item type Books
Holdings
Withdrawn status Lost status Source of classification or shelving scheme Damaged status Not for loan Home library Current library Shelving location Accession Date Vendor Price Bill number Total Checkouts Full call number Barcode No Date last seen Date last checked out Discount Bill Date Koha item type Suggested By
    Dewey Decimal Classification     IMTN IMTN Rack 1-B 03/28/2025 Raghav Books Private Limited 599.00 2374 1 158.2 BER 33896 07/14/2025 07/03/2025 30 02/14/2025 Books Gargi Sajwan (2024413)
Designed & Maintained by: LRC IMT Nagpur Contact: lrc@imtnag.ac.in© 2024. All Rights Reserved.